Prevention of Juvenile Delinquency (Record no. 1190843)

MARC details
000 -LEADER
fixed length control field 00753nam a2200277Ia 4500
003 - CONTROL NUMBER IDENTIFIER
control field OSt
005 - DATE AND TIME OF LATEST TRANSACTION
control field 20221007110525.0
008 - FIXED-LENGTH DATA ELEMENTS--GENERAL INFORMATION
fixed length control field 221006b |||||||| |||| 00| 0 eng d
020 ## - INTERNATIONAL STANDARD BOOK NUMBER
International Standard Book Number 0814201822
037 ## - SOURCE OF ACQUISITION
Terms of availability Textual
040 ## - CATALOGING SOURCE
Original cataloging agency LCO
Transcribing agency LCO
Language of cataloging eng
041 ## - LANGUAGE CODE
Source of code eng
Language code of text/sound track or separate title eng
100 ## - MAIN ENTRY--PERSONAL NAME
Personal name Reckless Walter C.
245 #0 - TITLE STATEMENT
Title Prevention of Juvenile Delinquency
260 ## - PUBLICATION, DISTRIBUTION, ETC.
Place of publication, distribution, etc. Ohio
Name of publisher, distributor, etc. Ohio State University Press U.S.A.
Date of publication, distribution, etc. 1972
300 ## - PHYSICAL DESCRIPTION
Extent 253
500 ## - GENERAL NOTE
General note An Experiment
650 ## - SUBJECT ADDED ENTRY--TOPICAL TERM
Topical term or geographic name entry element JUVENILE DELINQUENCY
9 (RLIN) 683332
700 ## - ADDED ENTRY--PERSONAL NAME
Personal name Dinitz Simon
9 (RLIN) 707612
942 ## - ADDED ENTRY ELEMENTS (KOHA)
Classification part Y:45, L2
Koha item type Textual
Holdings
Withdrawn status Lost status Damaged status Not for loan Home library Current library Date acquired Total Checkouts Full call number Barcode Date last seen Price effective from Koha item type
        Law Centre-I Library Law Centre-I Library 2022-10-07   Y:45 L2 LO0008039 2022-10-07 2022-10-07 Textual
Copyright @ Delhi University Library System